The Young White Bear (Khmer) / (Record no. 22665)
| 000 -LEADER | |
|---|---|
| fixed length control field | 00346nam a2200121Ia 4500 |
| 008 - FIXED-LENGTH DATA ELEMENTS--GENERAL INFORMATION | |
| fixed length control field | 120921s9999 xx 000 0 und d |
| 020 ## - INTERNATIONAL STANDARD BOOK NUMBER | |
| International Standard Book Number | 9789995053284 |
| 100 ## - MAIN ENTRY--PERSONAL NAME | |
| Personal name | Tey, Chantou |
| 9 (RLIN) | 86305 |
| 245 ## - TITLE STATEMENT | |
| Title | The Young White Bear (Khmer) / |
| Statement of responsibility, etc | Chantou Tey |
| 260 ## - PUBLICATION, DISTRIBUTION, ETC. (IMPRINT) | |
| Name of publisher, distributor, etc | Room to Read |
| Date of publication, distribution, etc | 2011 |
| Place of publication, distribution, etc | Cambodia |
| 300 ## - PHYSICAL DESCRIPTION | |
| Extent | 20 p. |
| Other physical details | col. ill. |
| Dimensions | 30 cm. |
| 942 ## - ADDED ENTRY ELEMENTS (KOHA) | |
| Source of classification or shelving scheme | |
| Item type | Book |
| Withdrawn status | Lost status | Source of classification or shelving scheme | Damaged status | Not for loan | Collection code | Home library | Current library | Date acquired | Total Checkouts | Full call number | Barcode | Date last seen | Date last borrowed | Price effective from | Koha item type |
|---|---|---|---|---|---|---|---|---|---|---|---|---|---|---|---|
| Siem Riep | Asian Hope Primary Library | Asian Hope Primary Library | 06/05/2013 | 82 | KHMER E TEY | 197137 | 04/24/2026 | 04/10/2026 | 06/05/2013 | Book |